000 00247nam a2200109Ia 4500
008 190912s9999||||xx |||||||||||||| ||und||
100 _aSalman Tarik
245 0 _aLandscapes of the Mind
260 _aUK
_bOxford
_c1997
300 _a78
942 _cBK
999 _c7287
_d7287